Fr. Conceicao Rodrigues College of Engineering

Satellite Communications (Record no. 22301)

MARC details
000 -LEADER
fixed length control field 00389nam a2200169Ia 4500
082 ## - DEWEY DECIMAL CLASSIFICATION NUMBER
Classification number 621.382/MIT
Item number MIT
100 ## - MAIN ENTRY--PERSONAL NAME
Personal name Mitra/Monojit
245 ## - TITLE STATEMENT
Title Satellite Communications
260 ## - PUBLICATION, DISTRIBUTION, ETC.
Name of publisher, distributor, etc. Prentice -Hall of India
Place of publication, distribution, etc. New Delhi
Date of publication, distribution, etc. 2005
366 ## - TRADE AVAILABILITY INFORMATION
Publishers's discount category 20
300 ## - PHYSICAL DESCRIPTION
Extent 166
546 ## - LANGUAGE NOTE
Language note ENGLISH
650 ## - SUBJECT ADDED ENTRY--TOPICAL TERM
Topical term or geographic name entry element Communications
654 ## - SUBJECT ADDED ENTRY--FACETED TOPICAL TERMS
Focus term satellite communications
942 ## - ADDED ENTRY ELEMENTS (KOHA)
Koha item type BOOK
Holdings
Withdrawn status Lost status Damaged status Not for loan Collection Home library Current library Date acquired Source of acquisition Cost, normal purchase price Inventory number Total Checkouts Full call number Barcode Date last seen Cost, replacement price Price effective from Koha item type
        CRC Fr. Agnel's C.Rodrigues College of Engineering Fr. Agnel's C.Rodrigues College of Engineering 17/03/2023 United Book Distributors 175.00 6283 dt 26/03/2008   621.382/MIT MIT 18607 17/03/2023 195.00   BOOK